000 00628nam a2200205 a 4500
005 20230610063838.0
008 131210s2007 mx r 000 0 spa d
020 _a9788467521504
035 _aUPN01000194710
049 _aCG
050 4 _aPQ6657 O4.49
_bS5.3
100 1 _aGómez, Ricardo,
_d1954-
_934592
245 1 0 _a7 cuentos crudos :
_baunque este no sea un buen sitio para nacer /
_cRicardo Gómez ; il. Juan Ramón Alonso.
260 _aMadrid :
_bSM,
_cc2007.
300 _a138 p. :
_bil. col.
650 0 _aLiteratura juvenil española
_912359
650 4 _aCuentos
_93090
905 _aLibro
999 _c166811
_d166811